[Event "41st Olympiad Open 2014"]
[Site "Tromso NOR"]
[Date "2014.08.10"]
[Round "8.1"]
[White "Peralta, Fernando"]
[Black "Lenic, Luka"]
[Result "1/2-1/2"]
[WhiteElo "2574"]
[BlackElo "2659"]
[PlyCount "120"]
[EventDate "2014.08.02"]

1. d4 Nf6 2. c4 e6 3. Nc3 Bb4 4. e3 O-O 5. Bd3 d5 6. Nf3 c5 7. O-O Nc6 8. a3
Bxc3 9. bxc3 dxc4 10. Bxc4 Qc7 11. Bd3 e5 12. Qc2 Re8 13. dxe5 Nxe5 14. Nxe5
Qxe5 15. f3 Bd7 16. e4 Rad8 17. a4 Bc6 18. Bb5 Rd6 19. Be3 Red8 20. Bc4 b6 21.
Rfe1 Nh5 22. Rad1 Nf4 23. a5 b5 24. Bf1 a6 25. c4 b4 26. Rd5 Bxd5 27. cxd5 Nxd5
28. exd5 Qxd5 29. Bc4 Qe5 30. Bf2 Qc3 31. Qe4 Rd1 32. Kf1 Rxe1+ 33. Bxe1 Qd4
34. Qxd4 Rxd4 35. Bxa6 Rd1 36. Bc4 Ra1 37. a6 b3 38. Bxb3 Rxa6 39. Ke2 Ra3 40.
Bc4 h5 41. h3 Ra4 42. Bb3 Ra3 43. Bd5 Ra4 44. g4 hxg4 45. hxg4 Rd4 46. Bb3 Rd7
47. Bc3 Kf8 48. g5 Rd6 49. f4 f6 50. g6 Ke7 51. Bc4 Rb6 52. f5 Rb1 53. Bd2 Rh1
54. Bf4 Rh5 55. Be6 Rh3 56. Kd2 Rf3 57. Bc7 Rh3 58. Kc2 Re3 59. Bc8 Kf8 60.
Bd6+ Kg8 1/2-1/2

[Event "41st Olympiad Open 2014"]
[Site "Tromso NOR"]
[Date "2014.08.10"]
[Round "8.2"]
[White "Beliavsky, Alexander G"]
[Black "Mareco, Sandro"]
[Result "1/2-1/2"]
[WhiteElo "2618"]
[BlackElo "2574"]
[PlyCount "98"]
[EventDate "2014.08.02"]

1. Nf3 Nf6 2. c4 e6 3. Nc3 Bb4 4. Qc2 c5 5. a3 Ba5 6. e3 O-O 7. d4 d6 8. Be2 h6
9. O-O Nc6 10. Bd2 a6 11. Rad1 cxd4 12. exd4 d5 13. Bf4 dxc4 14. Bxc4 Ne7 15.
Be5 b5 16. Ba2 Bxc3 17. Bb1 Nf5 18. bxc3 g6 19. Qc1 Kh7 20. Bxf5 exf5 21. d5
Nxd5 22. c4 bxc4 23. Qxc4 Be6 24. Ba1 Qc7 25. Qh4 Qf4 26. Qxf4 Nxf4 27. Be5 Nd5
28. Rc1 Rfc8 29. Rfd1 g5 30. h4 Kg6 31. hxg5 hxg5 32. Re1 f6 33. Bd6 Rxc1 34.
Rxc1 Rd8 35. Rc6 Bc8 36. Bc5 Bb7 37. Rd6 Re8 38. Bd4 Kf7 39. Rd7+ Re7 40. Rxe7+
Kxe7 41. Ne1 Bc6 42. f3 Nf4 43. Kf2 Ke6 44. Bc3 Bb5 45. Bb2 Ba4 46. g3 Nd5 47.
Nd3 Bb5 48. Nc5+ Kf7 49. a4 Bc4 1/2-1/2

[Event "41st Olympiad Open 2014"]
[Site "Tromso NOR"]
[Date "2014.08.10"]
[Round "8.3"]
[White "Felgaer, Ruben"]
[Black "Borisek, Jure"]
[Result "1-0"]
[WhiteElo "2564"]
[BlackElo "2569"]
[PlyCount "119"]
[EventDate "2014.08.02"]

1. e4 e5 2. Nf3 Nc6 3. Bb5 Nf6 4. d3 Bc5 5. O-O Nd4 6. Nxd4 Bxd4 7. Nd2 c6 8.
Ba4 Bb6 9. Nc4 Bc7 10. Bb3 O-O 11. Bg5 h6 12. Bh4 d5 13. exd5 cxd5 14. Ne3 g5
15. Bg3 Be6 16. d4 exd4 17. Bxc7 Qxc7 18. Qxd4 Qf4 19. Rad1 Rfd8 20. c3 a5 21.
g3 Qf3 22. Rd3 Bh3 23. Bd1 Qe4 24. Re1 Ra6 25. Qxe4 Nxe4 26. Nxd5 Rad6 27. c4
Nc5 28. Ra3 Re6 29. Ree3 Rxe3 30. fxe3 Be6 31. Bf3 a4 32. e4 Kg7 33. Kf2 Rb8
34. Nb6 g4 35. Bg2 Rd8 36. Nd5 f5 37. exf5 Bxf5 38. Ke3 Re8+ 39. Kd2 Be6 40.
Re3 Rf8 41. Re2 b5 42. Kc3 bxc4 43. Kxc4 Rc8 44. Kb4 Nd3+ 45. Ka3 Bf7 46. Ne7
Rc5 47. Rd2 Ne5 48. Nf5+ Kf6 49. Ne3 Rc1 50. Rf2+ Ke7 51. Rf4 h5 52. Rxa4 Re1
53. Ra7+ Kd8 54. Ra8+ Kd7 55. Ra7+ Kd8 56. Nd5 Re2 57. Nf4 Rf2 58. b3 h4 59.
Ra5 Nf3 60. Rf5 1-0

[Event "41st Olympiad Open 2014"]
[Site "Tromso NOR"]
[Date "2014.08.10"]
[Round "8.4"]
[White "Sebenik, Matej"]
[Black "Perez Ponsa, Federico"]
[Result "1/2-1/2"]
[WhiteElo "2537"]
[BlackElo "2541"]
[PlyCount "119"]
[EventDate "2014.08.02"]

1. Nf3 Nf6 2. c4 g6 3. Nc3 Bg7 4. e4 d6 5. d4 O-O 6. Be2 e5 7. O-O Nc6 8. Be3
Ng4 9. Bg5 f6 10. Bh4 g5 11. Bg3 Nh6 12. dxe5 fxe5 13. Nd5 Nf7 14. h3 Nd4 15.
Ne3 Kh8 16. Rc1 Be6 17. Ne1 Nh6 18. Bg4 Nxg4 19. hxg4 Qd7 20. Nd3 h5 21. gxh5
g4 22. b3 c5 23. Nc2 Nf3+ 24. gxf3 gxf3 25. Nxc5 dxc5 26. Qxd7 Bxd7 27. Rfd1
Bc6 28. Rd6 Kh7 29. Ne3 Bh6 30. Re1 Bxe3 31. Rxe3 Rad8 32. Bxe5 Rg8+ 33. Kf1
Rde8 34. Bf4 Bxe4 35. Rd7+ Rg7 36. Rxg7+ Kxg7 37. Kg1 Kf6 38. Re1 Kf5 39. Be3
Rg8+ 40. Kh2 Rg2+ 41. Kh1 Rg4 42. Rd1 Rh4+ 43. Kg1 Rxh5 44. Bxc5 Rg5+ 45. Kf1
Rh5 46. Ke1 Rh1+ 47. Kd2 Rxd1+ 48. Kxd1 a6 49. Kd2 Ke6 50. a4 Bc6 51. a5 Ke5
52. Kc3 Ke6 53. Be3 Kd7 54. Kd4 Kc8 55. Bf4 Kd7 56. Kc5 Be4 57. Kb6 Kc8 58. Kc5
Bc2 59. b4 Bd3 60. Kd4 1/2-1/2

[Event "41st Olympiad Open 2014"]
[Site "Tromso NOR"]
[Date "2014.08.11"]
[Round "9.1"]
[White "Peralta, Fernando"]
[Black "Negi, Parimarjan"]
[Result "1/2-1/2"]
[WhiteElo "2574"]
[BlackElo "2645"]
[PlyCount "139"]
[EventDate "2014.08.02"]

1. d4 Nf6 2. c4 e6 3. Nc3 d5 4. cxd5 Nxd5 5. e4 Nxc3 6. bxc3 c5 7. Nf3 cxd4 8.
cxd4 Bb4+ 9. Bd2 Bxd2+ 10. Qxd2 O-O 11. Rc1 Nc6 12. Bb5 Bd7 13. O-O Ne5 14. Be2
Nxf3+ 15. Bxf3 Rc8 16. d5 Qf6 17. Qa5 exd5 18. exd5 a6 19. Qa3 Rxc1 20. Rxc1
Rc8 21. Rxc8+ Bxc8 22. h3 g6 23. Qc5 Qa1+ 24. Kh2 Qe5+ 25. g3 Bf5 26. a4 b5 27.
axb5 axb5 28. Qxb5 Qd4 29. Kg2 Kg7 30. Qe8 h5 31. Qe7 Qf6 32. Qe3 Qd6 33. Qd4+
Kf8 34. g4 hxg4 35. hxg4 Bd7 36. g5 Ke7 37. Qe3+ Kd8 38. Qd4 Ke7 39. Qe3+ Kf8
40. Qe4 Bf5 41. Qd4 Ke7 42. Be2 f6 43. f4 Kf7 44. Bf3 fxg5 45. fxg5 Bd7 46. Be4
Kg8 47. Bf3 Bf5 48. Qe3 Kf7 49. Qc3 Qe7 50. Qd2 Qe5 51. Qa2 Qd6 52. Qc4 Kg7 53.
Qd4+ Kg8 54. Qe3 Kf7 55. Kf2 Qh2+ 56. Bg2 Qd6 57. Qd4 Kg8 58. Kf3 Kf7 59. Ke2
Kg8 60. Kf2 Kf7 61. Qe3 Kg8 62. Kg1 Kf7 63. Qd4 Kg8 64. Qh4 Qe5 65. Kh1 Kf7 66.
Qh7+ Kf8 67. Qh4 Kf7 68. Qh7+ Kf8 69. Qh6+ Kg8 70. Qh4 1/2-1/2

[Event "41st Olympiad Open 2014"]
[Site "Tromso NOR"]
[Date "2014.08.11"]
[Round "9.2"]
[White "Sethuraman, S.P."]
[Black "Mareco, Sandro"]
[Result "1/2-1/2"]
[WhiteElo "2590"]
[BlackElo "2574"]
[PlyCount "109"]
[EventDate "2014.08.02"]

1. d4 Nf6 2. c4 e6 3. Nf3 b6 4. g3 Ba6 5. Qc2 Bb7 6. Bg2 c5 7. d5 exd5 8. cxd5
Nxd5 9. O-O Be7 10. Rd1 Nc6 11. Qf5 Nf6 12. e4 g6 13. Qf4 O-O 14. e5 Nh5 15.
Qc4 Qc7 16. Bh6 Na5 17. Qe2 Rfe8 18. Nc3 Rad8 19. Nd5 Bxd5 20. Rxd5 Nc6 21. Qc4
Ng7 22. Rad1 Nb4 23. Rd6 Nf5 24. Bf4 b5 25. Qc3 Qc8 26. Ng5 Nxa2 27. Qb3 Nxd6
28. exd6 Bxg5 29. Bxg5 Nb4 30. Qc3 Re6 31. Bxd8 Qxd8 32. Qxc5 a5 33. Qxb5 Kg7
34. Bh3 f5 35. Bg2 Kf6 36. Qc5 Qb8 37. Bf1 Nc6 38. Qc3+ Ne5 39. Bg2 Qb4 40. Qc7
Nf7 41. Bf1 Rxd6 42. Rxd6+ Nxd6 43. Qxd7 Nf7 44. Qc6+ Nd6 45. Qc7 Nf7 46. Qc6+
Nd6 47. h3 h5 48. h4 f4 49. Qf3 Nf5 50. Qc6+ Nd6 51. Bg2 fxg3 52. fxg3 Kg7 53.
Qc7+ Nf7 54. Qc1 Qd4+ 55. Kh1 1/2-1/2

[Event "41st Olympiad Open 2014"]
[Site "Tromso NOR"]
[Date "2014.08.11"]
[Round "9.3"]
[White "Felgaer, Ruben"]
[Black "Sasikiran, Krishnan"]
[Result "1/2-1/2"]
[WhiteElo "2564"]
[BlackElo "2669"]
[PlyCount "192"]
[EventDate "2014.08.02"]

1. e4 e5 2. Nf3 Nc6 3. Bb5 a6 4. Ba4 Nf6 5. O-O Be7 6. Re1 b5 7. Bb3 d6 8. c3
O-O 9. d4 Bg4 10. Be3 Bh5 11. Nbd2 d5 12. Qc1 Nxe4 13. Nxe5 Nxe5 14. dxe5 f5
15. exf6 Nxf6 16. Nf1 c6 17. Ng3 Bg6 18. a4 Bd6 19. axb5 Ng4 20. Bd1 Nxe3 21.
Qxe3 Re8 22. Qd2 axb5 23. Rxa8 Qxa8 24. Bf3 Rxe1+ 25. Qxe1 Qe8 26. Qxe8+ Bxe8
27. Kf1 b4 28. Nf5 bxc3 29. bxc3 Be5 30. Nd4 Kf7 31. g3 Ke7 32. Ke1 c5 33. Ne2
Kd6 34. Kd2 Bf6 35. h4 g5 36. hxg5 Bxg5+ 37. Ke1 Bg6 38. Bg4 Be4 39. f3 Bg6 40.
f4 Bd8 41. Kd2 Ba5 42. Ke3 Bc2 43. Kd2 Be4 44. Ke3 Bg6 45. Bf3 h6 46. Bg4 Bc2
47. Kd2 Ba4 48. Kd3 Be8 49. Bf3 Bg6+ 50. Ke3 Bf7 51. Bg4 Be8 52. Kd3 Ba4 53.
Bf3 Bb5+ 54. Kc2 Bd7 55. Kd3 Bd8 56. Kd2 Bf5 57. Ke3 Bb1 58. Bg4 Ba5 59. Bf3
Bf5 60. Bh5 Bd7 61. Kd3 Bh3 62. Bf3 Bf5+ 63. Ke3 Bg6 64. Bg4 Bc2 65. Kd2 Ba4
66. Kd3 Bd1 67. Kd2 Bb3 68. Kd3 Bc4+ 69. Kc2 Bb5 70. Bf3 Bd8 71. Bg4 Bf6 72.
Kd2 Be8 73. Bf3 Bg6 74. Ke3 Bb1 75. Kd2 Bf5 76. Ke3 Bd7 77. Kd2 Bb5 78. Bg4 Bd8
79. Bf3 Bb6 80. Kc2 Ba5 81. Bg4 Be8 82. Kd3 Bg6+ 83. Ke3 Bf7 84. Bf3 Bb6 85.
Kd2 Bg6 86. Bg4 Be4 87. Ke3 Bb1 88. Bf3 Bf5 89. Bh5 Ba5 90. Bf3 Bg6 91. Bg4 Be8
92. Kd3 Bf7 93. Bf3 Bd8 94. Ke3 Be8 95. Bg4 Ba5 96. Kd3 Bb6 1/2-1/2

[Event "41st Olympiad Open 2014"]
[Site "Tromso NOR"]
[Date "2014.08.12"]
[Round "10.2"]
[White "Mareco, Sandro"]
[Black "Onischuk, Alexander"]
[Result "1/2-1/2"]
[WhiteElo "2574"]
[BlackElo "2659"]
[PlyCount "101"]
[EventDate "2014.08.02"]

1. Nf3 Nf6 2. c4 e6 3. g3 d5 4. Bg2 Be7 5. O-O O-O 6. b3 b6 7. Bb2 Bb7 8. Nc3
d4 9. Nb5 c5 10. d3 a6 11. Na3 Nc6 12. e3 Qc7 13. exd4 Nxd4 14. Nxd4 cxd4 15.
Nc2 e5 16. f4 Nd7 17. Bxb7 Qxb7 18. fxe5 Nxe5 19. Bxd4 Bc5 20. Bxc5 bxc5 21.
Ne3 a5 22. Nd5 a4 23. d4 Nc6 24. dxc5 axb3 25. Qxb3 Qd7 26. Rf2 Qg4 27. Re1 h6
28. Qb6 Rac8 29. Rf4 Qh5 30. a4 Kh8 31. Qb2 Rce8 32. Qc3 Ne5 33. Ref1 Qe2 34.
R4f2 Qe4 35. Rf4 Qe2 36. R4f2 Qe4 37. c6 Nxc6 38. Rf4 Qg6 39. Rf6 gxf6 40. Rxf6
Ne5 41. Rxg6 fxg6 42. Kg2 Kh7 43. h3 g5 44. a5 Re6 45. a6 Nf3 46. a7 Re2+ 47.
Kf1 Ra2 48. Qd3+ Kg7 49. Qc3+ Kh7 50. Qd3+ Kg7 51. Qc3+ 1/2-1/2

[Event "41st Olympiad Open 2014"]
[Site "Tromso NOR"]
[Date "2014.08.12"]
[Round "10.3"]
[White "Akobian, Varuzhan"]
[Black "Felgaer, Ruben"]
[Result "0-1"]
[WhiteElo "2653"]
[BlackElo "2564"]
[PlyCount "76"]
[EventDate "2014.08.02"]

1. d4 d5 2. c4 c6 3. Nf3 Nf6 4. Nc3 dxc4 5. a4 Bf5 6. e3 e6 7. Bxc4 Bb4 8. O-O
O-O 9. Qe2 Bg6 10. Ne5 Nbd7 11. Nxg6 hxg6 12. Rd1 Qa5 13. Na2 Bd6 14. e4 e5 15.
dxe5 Qxe5 16. f4 Bc5+ 17. Kf1 Qc7 18. e5 Rae8 19. Qf3 Nh5 20. Nc3 Nxe5 21. fxe5
Rxe5 22. g4 Re6 23. Kg2 Rf6 24. Qe2 Rf2+ 25. Qxf2 Bxf2 26. gxh5 gxh5 27. Ne4
Bh4 28. Nd6 b5 29. Be2 Rd8 30. Bf4 Qe7 31. Bxh5 g6 32. Bg4 Qf6 33. Rf1 g5 34.
Nxf7 Qxf7 35. Be3 Qb3 36. Bxa7 Rd2+ 37. Kh1 c5 38. Bb8 bxa4 0-1

[Event "41st Olympiad Open 2014"]
[Site "Tromso NOR"]
[Date "2014.08.12"]
[Round "10.4"]
[White "Perez Ponsa, Federico"]
[Black "Shankland, Samuel L"]
[Result "0-1"]
[WhiteElo "2541"]
[BlackElo "2624"]
[PlyCount "96"]
[EventDate "2014.08.02"]

1. d4 d5 2. c4 c6 3. Nf3 Nf6 4. e3 Bg4 5. Qb3 Qb6 6. Nc3 e6 7. Nh4 Bh5 8. h3
Na6 9. c5 Qxb3 10. axb3 Nc7 11. g4 Bg6 12. b4 a6 13. f3 O-O-O 14. Bd2 Be7 15.
Nxg6 hxg6 16. Kf2 Nd7 17. f4 g5 18. Bd3 g6 19. Kg3 f5 20. fxg5 Bxg5 21. h4 Be7
22. Ne2 e5 23. Raf1 Nf6 24. g5 Nh5+ 25. Kg2 e4 26. Bc2 Ne6 27. Bc3 Rh7 28. Bd1
Rdh8 29. Be1 Bd8 30. Ng3 Nhg7 31. Ne2 Bc7 32. Bf2 Kd7 33. Be1 Ke7 34. Bf2 Nh5
35. Be1 f4 36. exf4 Nhxf4+ 37. Nxf4 Nxf4+ 38. Kg1 Nd3 39. Bd2 Rxh4 40. Rxh4
Rxh4 41. Rf6 Nxb2 42. Be2 Rh2 43. Kf1 Nd3 44. Be3 Rh1+ 45. Kg2 Re1 46. Bxd3
Rxe3 47. Bxa6 Rg3+ 48. Kf2 Rxg5 0-1

[Event "41st Olympiad Open 2014"]
[Site "Tromso NOR"]
[Date "2014.08.14"]
[Round "11.1"]
[White "Al-Modiahki, Mohamad"]
[Black "Peralta, Fernando"]
[Result "1/2-1/2"]
[WhiteElo "2549"]
[BlackElo "2574"]
[PlyCount "115"]
[EventDate "2014.08.02"]

1. e4 e6 2. d4 d5 3. Nc3 Nf6 4. Bg5 Bb4 5. e5 h6 6. Bd2 Bxc3 7. bxc3 Ne4 8. Qg4
Kf8 9. Bd3 Nxd2 10. Kxd2 c5 11. h4 Nc6 12. Rh3 c4 13. Be2 b5 14. Qf4 Bd7 15.
Bh5 Be8 16. Rf3 Qe7 17. a3 a5 18. Nh3 Ra7 19. Qg3 b4 20. Nf4 Kg8 21. Ne2 bxa3
22. Nf4 Rb7 23. Bg4 Kh7 24. Nh5 Rg8 25. Qf4 Nb8 26. Rg3 Nd7 27. Be2 Rb2 28. Kc1
g6 29. Qg4 Rf8 30. Nf4 f5 31. Nxg6 fxg4 32. Nxe7 Rxf2 33. Rxa3 Rb7 34. Bxg4
Nxe5 35. dxe5 Rxe7 36. Rxa5 Bg6 37. Bd1 Be4 38. Ra6 Rg7 39. Rxg7+ Kxg7 40. Rxe6
Rxg2 41. Re7+ Kg6 42. Re8 Kf5 43. e6 Kf6 44. h5 Rh2 45. e7 Kf7 46. Rh8 Kxe7 47.
Rxh6 Kf7 48. Rb6 Kg7 49. Rd6 Rg2 50. Rd7+ Kf6 51. Rd8 Kg7 52. Ra8 Rh2 53. Kb2
Rg2 54. Ra1 Kh6 55. Rc1 Kg5 56. Ra1 Kh6 57. Ka3 Rg1 58. Kb2 1/2-1/2

[Event "41st Olympiad Open 2014"]
[Site "Tromso NOR"]
[Date "2014.08.14"]
[Round "11.2"]
[White "Mareco, Sandro"]
[Black "Al-Sayed, Mohammed"]
[Result "1/2-1/2"]
[WhiteElo "2574"]
[BlackElo "2505"]
[PlyCount "131"]
[EventDate "2014.08.02"]

1. d4 d5 2. c4 c6 3. Nc3 Nf6 4. Nf3 e6 5. e3 Nbd7 6. Qc2 Bd6 7. Bd3 O-O 8. O-O
dxc4 9. Bxc4 a6 10. e4 e5 11. Rd1 Qc7 12. h3 b5 13. Bb3 exd4 14. Nxd4 Re8 15.
Nf3 Nc5 16. Rxd6 Nxb3 17. axb3 Qxd6 18. e5 Rxe5 19. Bf4 Re1+ 20. Rxe1 Qxf4 21.
Nd5 cxd5 22. Qc6 Bb7 23. Qxb7 Qb8 24. Qc6 Qc8 25. Qb6 Ne4 26. Nd4 Qc5 27. Qxc5
Nxc5 28. Ra1 g6 29. Nxb5 Rb8 30. Nd4 Nxb3 31. Nc6 Re8 32. Rxa6 d4 33. Nb4 Re1+
34. Kh2 Re2 35. Rb6 Nc5 36. Nc6 d3 37. b4 d2 38. Rb8+ Kg7 39. Rd8 Ne4 40. b5
Nxf2 41. b6 d1=Q 42. Rxd1 Nxd1 43. b7 Rb2 44. b8=Q Rxb8 45. Nxb8 Kf6 46. Nd7+
Ke7 47. Nc5 f5 48. Kg3 Kd6 49. Nd3 Kd5 50. Kf4 Kd4 51. Ne1 Nf2 52. Kf3 Nd3 53.
Nc2+ Ke5 54. h4 f4 55. g3 fxg3 56. Ne3 g2 57. Nxg2 Kd4 58. Ne3 Ke5 59. Ng4+ Kf5
60. Ne3+ Ke6 61. Ke4 Ne5 62. Nd5 Nf7 63. Nf4+ Kf6 64. Nd5+ Kg7 65. Kf4 Nd6 66.
h5 1/2-1/2

[Event "41st Olympiad Open 2014"]
[Site "Tromso NOR"]
[Date "2014.08.14"]
[Round "11.3"]
[White "Zhu, Chen"]
[Black "Felgaer, Ruben"]
[Result "0-1"]
[WhiteElo "2461"]
[BlackElo "2564"]
[PlyCount "76"]
[EventDate "2014.08.02"]

1. d4 d5 2. c4 c6 3. Nf3 Nf6 4. e3 Bg4 5. h3 Bxf3 6. Qxf3 e6 7. Bd3 Bd6 8. O-O
O-O 9. Nc3 Nbd7 10. Bd2 Re8 11. Qd1 dxc4 12. Bxc4 Qe7 13. Re1 e5 14. Bb3 Rad8
15. f4 exd4 16. exd4 Qf8 17. Qf3 Nb6 18. Rad1 Bc7 19. Rxe8 Rxe8 20. Kf1 Qd6 21.
Bc1 Nbd5 22. g3 Bb6 23. Na4 Qb4 24. Nxb6 axb6 25. Qd3 Re4 26. Kf2 h5 27. a3 Qd6
28. Qf3 h4 29. Bc2 hxg3+ 30. Kxg3 Re8 31. Kf2 Qe7 32. f5 Nh7 33. Kg1 Qh4 34.
Qg4 Re1+ 35. Kg2 Qxg4+ 36. hxg4 Re2+ 37. Kf3 Rxc2 38. Re1 f6 0-1

[Event "41st Olympiad Open 2014"]
[Site "Tromso NOR"]
[Date "2014.08.14"]
[Round "11.4"]
[White "Flores, Diego"]
[Black "Nezad, Husein Aziz"]
[Result "1-0"]
[WhiteElo "2562"]
[BlackElo "2365"]
[PlyCount "123"]
[EventDate "2014.08.02"]

1. c4 c6 2. Nf3 d5 3. g3 Nf6 4. Bg2 Bg4 5. Ne5 Bf5 6. Qb3 Nbd7 7. Nxd7 Qxd7 8.
cxd5 cxd5 9. Nc3 e6 10. d3 Bg6 11. O-O Be7 12. e4 d4 13. Ne2 O-O 14. Bf4 Bc5
15. Rfc1 Bb6 16. h3 Rfc8 17. Be5 Qd8 18. Qb4 a5 19. Qa4 Bc5 20. Qb5 b6 21. Bxf6
Qxf6 22. Nf4 Rab8 23. a3 Qe7 24. h4 f6 25. Nxg6 hxg6 26. e5 f5 27. Rc4 Qd8 28.
f4 Be7 29. Rac1 Rc5 30. Qb3 Kf7 31. Bf3 Rbc8 32. Kg2 Rxc4 33. Rxc4 Rc5 34. Rxc5
Bxc5 35. Qb5 Qc7 36. Qc4 Qd7 37. Kh3 Qe7 38. Qa6 Qc7 39. Qa8 Be7 40. Bc6 Bd8
41. Kg2 Ke7 42. Kf3 Kf7 43. Ke2 Ke7 44. Kd1 Kf7 45. Bb5 Ke7 46. Qc6 Qxc6 47.
Bxc6 Kf7 48. Kc2 Be7 49. Kb3 Bc5 50. Kc4 Kf8 51. Kb5 Kf7 52. Ka6 Ke7 53. Kb7
Kd8 54. Bb5 Ke7 55. Kc7 Kf7 56. Kd7 Bf8 57. Bc4 Be7 58. Bxe6+ Kf8 59. Bg8 b5
60. Bh7 b4 61. axb4 Bxb4 62. Bxg6 1-0